University Home | Library Home | Institutional Repository

Histoire du Canada. (Record no. 202486)

MARC details
000 -LEADER
fixed length control field 00914cam3a220025300 4500
001 - CONTROL NUMBER
control field tmp15413077
003 - CONTROL NUMBER IDENTIFIER
control field UPRA
005 - DATE AND TIME OF LATEST TRANSACTION
control field 20190830130102.0
008 - FIXED-LENGTH DATA ELEMENTS--GENERAL INFORMATION
fixed length control field 950809m19651967quc fre u
035 ## - SYSTEM CONTROL NUMBER
System control number (Sirsi) r30796
035 ## - SYSTEM CONTROL NUMBER
System control number (UPRA)tmp15413077
040 ## - CATALOGING SOURCE
Transcribing agency UPRA
100 1# - MAIN ENTRY--PERSONAL NAME
Personal name Lanct^ot, Gustave.
Linkage A94950.2
245 10 - TITLE STATEMENT
Title Histoire du Canada.
260 ## - PUBLICATION, DISTRIBUTION, ETC.
Place of publication, distribution, etc. Montreal :
Name of publisher, distributor, etc. Beauchemin,
Date of publication, distribution, etc. 1965-1967.
500 ## - GENERAL NOTE
General note Vol. I, 5 me ed., revue et rev.
504 ## - BIBLIOGRAPHY, ETC. NOTE
Bibliography, etc. note Includes bibliographies.
505 0# - FORMATTED CONTENTS NOTE
Formatted contents note Vol. I. Des origines au regime royal -- Vol. 2 Du regime ... royal au traite d'Utrecht, 1663-1713 -- v. 3 Du traite d'Utrecht autraite de Paris, 1713-1763.
651 #0 - SUBJECT ADDED ENTRY--GEOGRAPHIC NAME
Geographic name Canada -- History.
General subdivision Canada -- History.
Linkage S29189.1
949 ## - LOCAL PROCESSING INFORMATION (OCLC)
a F1026
w lcc
i -34691
m MAIN
t BOOK
l ON-SHELF
949 ## - LOCAL PROCESSING INFORMATION (OCLC)
a F1026
w lcc
i -34692
m MAIN
t BOOK
l ON-SHELF
949 ## - LOCAL PROCESSING INFORMATION (OCLC)
a F1026
w lcc
i -34693
m MAIN
t BOOK
l ON-SHELF

No items available.

© 2026 - The University of Zambia Library - Koha v25.11